01419nam a2200301 a 4500001001000000003000400010005001700014008004100031020001800072040002500090082002400115100002800139245003300167260003900200300002000239500007000259590002600329650002800355650003100383910003700414942001400451952012500465952012500590952011900715952012500834952014100959999001701100000024003OSt20240412074251.0110118s2010 dr 000 p spa d a9789945460957 aDO-SdBNPbspacBNPHU 4aRD861.44bM385m2221 aMartínez, Eddy92565310aMañana /cEddy Martínez. aSanto Domingo :bSantuario,c2010. a45 p. ;c21 cm. aIncluye datos biográficos del autor en la solapa de la cubierta aInventariado, 2018/LP 0aPoesía dominicana966 0aLiteratura dominicana.967 aValidado. Control de calidad MFF 2ddccLBS1 00102ddc51718DSaBNPHUbGRcHDd2011-01-18l0oBNPHU DS RD861.44 M385mp24003-30r2020-06-25te. 3w2020-06-25yLFDS 00102ddc56708DSaBNPHUbGRcHDd2015-04-16l0oBNPHU DS RD861.44 M385mp24003-40r2020-06-25te. 4w2020-06-25yLFDS 00102ddc51718PDaBNPHUbPDcHDd2011-01-18l0oBNPHU PD RD861.44 M385mp24003-10r2020-06-25w2020-06-25yLFPD 00102ddc56728PDaBNPHUbPDcHDd2011-01-18l0oBNPHU PD RD861.44 M385mp24003-20r2020-06-25te. 2w2020-06-25yLFPD 00102ddc56708DSaBNPHUbGRcHDd2021-05-07eNelson Aquinol0oBNPHU DS RD861.44 M385mp2021-1697r2021-05-07te. 5w2021-05-07yLFDS c23498d23498